000 00526nam a22001937a 4500
003 KOHA_MİRAKIL
005 20250417135842.0
008 250417b tu ||||| |||| 00| 0 tur d
020 _a9789753854474
040 _aTR-AnABB
_btur
_cTR-AnABB
041 _atur
082 _a150.1952
_bFRE 2018
100 1 _aFreud, Sigmund,
245 1 0 _aGünlük yaşamın psikopatolojisi /
_cFreud
260 _aİstanbul :
_bOda Yayınları,
_c2018
300 _a327 sayfa ;
_c19 cm
650 0 0 _aPsikoloji
942 _2ddc
_cBK
999 _c8744
_d8744
900 _bGizem YORULMAZ